LEADER 03858nam 2200649 a 450 001 9910462717203321 005 20200520144314.0 010 $a1-84217-827-X 010 $a1-299-48504-9 035 $a(CKB)2670000000342278 035 $a(EBL)1165951 035 $a(SSID)ssj0000855875 035 $a(PQKBManifestationID)12445572 035 $a(PQKBTitleCode)TC0000855875 035 $a(PQKBWorkID)10806057 035 $a(PQKB)10794579 035 $a(MiAaPQ)EBC1165951 035 $a(Au-PeEL)EBL1165951 035 $a(CaPaEBR)ebr10695208 035 $a(CaONFJC)MIL479754 035 $a(OCoLC)839389154 035 $a(EXLCZ)992670000000342278 100 $a20100423d2010 uy 0 101 0 $aeng 135 $aurcn||||||||| 181 $ctxt 182 $cc 183 $acr 200 00$aChanging pictures$b[electronic resource] $erock art traditions and visions in Northern Europe /$fedited by Joakim Goldhahn, Ingrid Fuglestvedt and Andrew Jones 210 $aOxford ;$aOakville, Conn. $cOxbow Books$dc2010 215 $a1 online resource (217 p.) 300 $aPapers from a workshop held at Linnaeus University, Sweden, in 2008. 311 $a1-84217-405-3 320 $aIncludes bibliographical references and index. 327 $aChanging pictures : an introduction / Joakim Goldhahn, Ingrid Fuglestvedt & Andrew Jones -- Animals, churingas, and rock art in late Mesolithic northern Scandinavia / Ingrid Fuglestvedt -- Concepts of rock in late Mesolithic western Norway / Trond Lødøen -- Hearing and touching rock art : Finnish rock paintings and the non-visual / Antti Lahelma -- The known yet unknown ringing stones of Sweden / Maja Hultman -- Rock art as social format / Per Cornell & Johan Ling -- Rock art and the meaning of place : some phenomenological reflections / Magnus Ljunge -- Emplacement and the hau of Rock / Joakim Goldhahn -- Cosmology and performance : narrative perspectives on Scandinavian rock art / Peter Skoglund -- "Should I stay or should I go" : on the meaning of variations among mobile and stable elk motifs at Na?mforsen, Sweden / Ylva Sjo?strand -- Reused rock art : Iron Age activities at Bronze Age rock art sites / Per Nilsson -- "Cracking" landscapes : new documentation, new knowledge? / Jan Magne Gjerde -- Bronze Age rock art and religion in a maritime perspective / Melanie Wrigglesworth -- Epilogue: Drawing on stone / Richard Bradley. 330 $aThis volume derives from a workshop held at the University of Kalmar (now Linnaeus University), Sweden between the 20-24 of October 2008. The aim of this gathering was to provide a forum for rock art researchers from different parts of northern Europe to discuss traditional as well as current interpretative trends within rock art research. Changing Pictures aims to return to traditional interpretative notions regarding the meaning and significance of rock art to investigate if and why any information had been left behind to recover and rethink. During the last decades, there has been an immense 606 $aPetroglyphs$zEurope, Northern$vCongresses 606 $aRock paintings$zEurope, Northern$vCongresses 606 $aSocial archaeology$zEurope, Northern$vCongresses 606 $aExcavations (Archaeology)$zEurope, Northern$vCongresses 607 $aEurope, Northern$xAntiquities$vCongresses 608 $aElectronic books. 615 0$aPetroglyphs 615 0$aRock paintings 615 0$aSocial archaeology 615 0$aExcavations (Archaeology) 676 $a709.01/13 701 $aGoldhahn$b Joakim$0963015 701 $aFuglestvedt$b Ingrid$0963016 701 $aJones$b Andrew$f1967-$0628245 801 0$bMiAaPQ 801 1$bMiAaPQ 801 2$bMiAaPQ 906 $aBOOK 912 $a9910462717203321 996 $aChanging pictures$92183586 997 $aUNINA LEADER 01297nam 2200337 n 450 001 996383083703316 005 20221108032526.0 035 $a(CKB)1000000000595314 035 $a(EEBO)2240891709 035 $a(UnM)99825615 035 $a(UnM)9927655900971 035 $a(EXLCZ)991000000000595314 100 $a19941031d1686 uy | 101 0 $aeng 135 $aurbn#|||a|bb| 200 04$aThe soveraignty of the British seas$b[electronic resource]$eProved by records, history, and the municipal laws of this kingdom. By that learned knight, Sr. John Boroughs, keeper of the records in the Tower of London 210 $aLondon $cprinted by J. Redmayne, for Richard Chiswell at the sign of the Rose and Crown in St. Paul's Church-yard$d1686 215 $a22 p 300 $aReproduction of original in the University of Illinois (Urbana-Champaign Campus). Library. 330 $aeebo-0167 607 $aGreat Britain$xHistory$xNaval operations$vEarly works to 1800 607 $aGreat Britain$xHistory, Naval 700 $aBorough$b John$cSir,$fd. 1643.$01005776 801 0$bCu-RivES 801 1$bCu-RivES 801 2$bCStRLIN 801 2$bWaOLN 906 $aBOOK 912 $a996383083703316 996 $aThe soveraignty of the British seas$92313208 997 $aUNISA